书目信息 |
| 题名: |
法律基础教程
|
|
| 作者: | 阎高程 , 蒋雪岩 主编 | |
| 分册: | ||
| 出版信息: | 武汉 武汉理工大学出版社 2002 |
|
| 页数: | 264页 | |
| 开本: | 21cm | |
| 丛书名: | ||
| 单 册: | ||
| 中图分类: | D90 | |
| 科图分类: | ||
| 主题词: | 法律--基础--教材 | |
| 电子资源: | ||
| ISBN: | 7-5629-1837-6 | |
| 000 | 00642nam0 2200229 45 | |
| 001 | 012004000000 | |
| 005 | 20050106100850.23 | |
| 010 | @a7-5629-1837-6@dCNY 14.50 | |
| 100 | @a20041220d2002 em y0chiy0121 ea | |
| 101 | 0 | @achi |
| 102 | @aCN@b420000 | |
| 105 | @ay z 000yy | |
| 200 | 1 | @a法律基础教程@Afa lv ji chu jiao cheng@f阎高程, 蒋雪岩主编 |
| 210 | @a武汉@c武汉理工大学出版社@d2002 | |
| 215 | @a264页@d21cm | |
| 320 | @a书末附附录 | |
| 606 | 0 | @a法律@x基础@j教材 |
| 690 | @aD90@v4 | |
| 701 | 0 | @a阎高程@Ayan gao cheng@4主编 |
| 701 | 0 | @a蒋雪岩@Ajiang xue yan@4主编 |
| 801 | 0 | @aCN@bQSSKxf@c20050106 |
| 905 | @a10447@dD90@eY088 | |
| 法律基础教程/阎高程, 蒋雪岩主编.-武汉:武汉理工大学出版社,2002 |
| 264页;21cm |
| ISBN 7-5629-1837-6:CNY 14.50 |
| ● |
| 相关链接 |
|
|
|
正题名:法律基础教程
索取号:D90/Y088
 
预约/预借
| 序号 | 登录号 | 条形码 | 馆藏地/架位号 | 状态 | 备注 |
| 1 | 434799 | 204347992 | 社科库509/509社科库 80排2列6层/ [索取号:D90/Y088] | 在馆 | |
| 2 | 434800 | 204348009 | 社科库509/509社科库 80排2列6层/ [索取号:D90/Y088] | 在馆 |